Koronakríza vo svetovej a domácej ekonomike
Domáca a svetová ekonomika postihnutá koronakrízou. Výhľad ekonomiky a skúsenosti z predošlých kríz. Ekonomická obnova v tvare U, V, W a L. Rast HDP a jeho prognóza na roky 2020-2023.
Salvato in:
| Autore principale: | |
|---|---|
| Altri autori: | |
| Natura: | Capitolo di libro |
| Lingua: | slovacco |
| Soggetti: | |
| Tags: |
Nessun Tag, puoi essere il primo ad aggiungerne!!
|
MARC
| LEADER | 00000naa$a2200000$$$4500 | ||
|---|---|---|---|
| 001 | 0270744 | ||
| 005 | 20240502074239.5 | ||
| 041 | 0 | |a slo | |
| 044 | |a SK | ||
| 245 | 1 | 0 | |a Koronakríza vo svetovej a domácej ekonomike |c Karol Trnovský, Ivana Lennerová |
| 520 | |a Domáca a svetová ekonomika postihnutá koronakrízou. Výhľad ekonomiky a skúsenosti z predošlých kríz. Ekonomická obnova v tvare U, V, W a L. Rast HDP a jeho prognóza na roky 2020-2023. | ||
| 610 | 2 | 0 | |a kríza |
| 610 | 2 | 0 | |a koronakríza |
| 610 | 2 | 0 | |a výkonnosť ekonomiky |
| 610 | 2 | 0 | |a prognózy |
| 610 | 2 | 0 | |a recesia |
| 610 | 2 | 0 | |a koronavírus |
| 610 | 2 | 0 | |a pandémia |
| 610 | 2 | 0 | |a produkt domáci hrubý |
| 610 | 2 | 0 | |a Slovensko |
| 100 | 1 | |a Trnovský, Karol, 1983- | |
| 700 | 1 | |a Lennerová, Ivana, 1979- | |